Spain: the rise of the first world power.

Bibliographic Details
Main Author: Ramsey, John Fraser, 1907-
Format: Book
Language:English
Published: University : Published for the Office for International Studies and Programs by the University of Alabama Press, [1973]
Series:Mediterranean Europe series ; 1.
Subjects:

MARC

Tag First Indicator Second Indicator Subfields
LEADER 00000cam a2200000 4500
001 in00000070720
005 20151008061856.0
008 740415s1973 alub b 00100 eng
010 |a  79135705  
020 |a 0817357041 
035 |a (OCoLC)00919462 
035 |9 AAJ9035AM 
040 |a DLC  |c DLC  |d TXA  |d UtOrBLW 
043 |a e-sp--- 
049 |a TXAM  |c [1027721] 
050 0 0 |a DP99  |b  R3 
082 0 |a 946/.02 
100 1 |a Ramsey, John Fraser,  |d 1907- 
245 1 0 |a Spain: the rise of the first world power. 
264 1 |a University :  |b Published for the Office for International Studies and Programs by the University of Alabama Press,  |c [1973] 
264 4 |c [©1973] 
300 |a 341 pages :  |b maps. ;  |c 25 cm. 
336 |a text  |b txt  |2 rdacontent 
337 |a unmediated  |b n  |2 rdamedia 
338 |a volume  |b nc  |2 rdacarrier 
490 1 |a Mediterranean Europe series,  |v 1 
504 |a Bibliography: pages [325]-331. 
651 0 |a Spain  |x History  |y To 711. 
651 0 |a Spain  |x History  |y 711-1516. 
830 0 |a Mediterranean Europe series ;  |v 1. 
999 |a MARS 
999 f f |s a57933b0-2388-3ad5-8fec-1482bcba67ae  |i db8e7712-162d-3f0f-ba05-8ecd5ce3080b  |t 0 
952 f f |p normal  |a Texas A&M University  |b College Station  |c Sterling C. Evans Library  |d Evans: Library Stacks  |t 0  |e DP99 R3  |h Library of Congress classification  |i unmediated -- volume  |m A14802014549 
998 f f |a DP99 R3  |t 0  |l Evans: Library Stacks